Central Library OPAC University of Rajshahi

The Cambridge history of Africa / (Record no. 27431)

MARC details
000 -LEADER
fixed length control field 01538nam a2200313 a 4500
001 - CONTROL NUMBER
control field 27431
003 - CONTROL NUMBER IDENTIFIER
rucl marc code BD-RjUL
005 - DATE AND TIME OF LATEST TRANSACTION
control field 20211209051144.0
008 - FIXED-LENGTH DATA ELEMENTS--GENERAL INFORMATION
fixed length control field 140325s1982 enkab b 001 0 eng d
020 ## - INTERNATIONAL STANDARD BOOK NUMBER
International Standard Book Number 052122215X (v.1)
035 ## - SYSTEM CONTROL NUMBER
System control number OCLC 03034730 from dgco204
-- (BD-RjUL) 27505
040 ## - CATALOGING SOURCE
Original cataloging agency DLC
Transcribing agency DLC
Modifying agency OCL
-- BD-RjUL
Language of cataloging eng
041 ## - LANGUAGE CODE
Language code of text/sound track or separate title eng
082 ## - DEWEY DECIMAL CLASSIFICATION NUMBER
Classification number 960
Author mark and year CAM V-1 1982
245 04 - TITLE STATEMENT
Title The Cambridge history of Africa /
Statement of responsibility, etc. edited by Clark, J.Desmond
Number of part/section of a work Volume I
Name of part/section of a work From the Earliest Times to c.500 BC
260 ## - PUBLICATION, DISTRIBUTION, ETC. (IMPRINT)
Place of publication, distribution, etc. Cambridge ;
-- London :
Name of publisher, distributor, etc. Cambridge University Press,
Date of publication, distribution, etc. 1982.
300 ## - PHYSICAL DESCRIPTION
Pagination xxiii, 1157 p. :
Illustrations ill. ;
Size 24 cm.
504 ## - BIBLIOGRAPHY, ETC. NOTE
Bibliography, etc Includes bibliographies and indes.
505 0# - FORMATTED CONTENTS NOTE
Formatted contents note v. 1. From the earliest times to c. 500 B.C. / edited by J. Desmond Clark. 1982.--v. 2. From c. 500 B.C. to A.D. 1050 / edited by J.D. Fage. 1978.--v. 3. From c. 1050 to c. 1600 / edited by Roland Oliver. 1977.--v. 4. From c. 1600 to c. 1790 / edited by Richard Gray. 1975.--v. 5. From c. 1790 to c. 1870 / edited by John Flint. 1977.--v. 6. From 1870 to 1905 / edited by Roland Oliver and G.N. Sanderson. 1985.--v. 7. From 1905 to 1940 / edited by A.D. Roberts. 1986.--v. 8. From c. 1940 to 1975 / edited by Michael Crowder. 1984.
650 ## - SUBJECT ADDED ENTRY--TOPICAL TERM
Topical term or geographic name as entry element Africa
General subdivision History.
9 (RLIN) 84257
651 #0 - SUBJECT ADDED ENTRY--GEOGRAPHIC NAME
Geographic name Africa
General subdivision History.
9 (RLIN) 84258
700 1# - ADDED ENTRY--PERSONAL NAME
Personal name Clark, Desmond J.
Personal name Fage, J. D.
Personal name Oliver, Roland Anthony.
Personal name Roberts, A. D.
942 ## - ADDED ENTRY ELEMENTS (KOHA)
Source of classification or shelving scheme Dewey Decimal Classification
Koha item type Books
Holdings
Lost status Source of classification or shelving scheme Materials specified (bound volume or other part) Damaged status Not for loan Collection code Permanent Location Current Location Shelving location Date acquired Source of acquisition Cost, normal purchase price Total Checkouts Full call number Date last seen Copy number Koha item type
  Dewey Decimal Classification V -1   Added to bundle Non-fiction Central Library, University of Rajshahi Central Library, University of Rajshahi Reading Room 10/10/1991 Bratin Councile 0.00   960 CAM 1982 25/03/2014 C-1 Books